000
00318nam a2200121Ia 4500
008
190216s9999||||xx |||||||||||||| ||und||
100
_a
John Rickman
245
2
_a
A General Selection From The Works Of Sigmlind Freuid
260
_b
Anchor Books Newyork
300
_a
294
650
_a
Psychology-English
942
_c
BK
999
_c
14023
_d
14023